Udržateľnosť vodných rekreačných oblastí Slovenska z hľadiska potrieb rozvoja cestovného ruchu diplomová práca

Saved in:
Bibliographic Details
Main Author: Myciová, Kristína
Corporate Author: Obchodná fakulta EU. Katedra cestovného ruchu
Other Authors: Fodranová, Iveta, 1959-
Format: Book
Language:Slovak
Published: Bratislava 2024
Tags: Add Tag
No Tags, Be the first to tag this record!

MARC

LEADER 00000nbm a2200000 4500
001 0302085
005 20250821100958.3
041 0 |a slo 
044 |a SK 
245 1 0 |a Udržateľnosť vodných rekreačných oblastí Slovenska z hľadiska potrieb rozvoja cestovného ruchu  |b diplomová práca  |c Kristína Myciová ; školiteľ: Iveta Fodranová 
264 1 |a Bratislava  |c 2024 
300 |a 100 s. 
100 1 |a Myciová, Kristína 
700 1 |a Fodranová, Iveta, 1959- 
710 2 |a Obchodná fakulta EU. Katedra cestovného ruchu